000 00577nam a2200229Ia 4500
003 OSt
005 20220924142239.0
006 a|||||r|||| 00| 0
007 ta
008 220923b |||||||| |||| 00| 0 ben d
024 _a301036
037 _cTextual
040 _aARTS
_cARTS
_bben
041 _2ben
_aben
082 _aV4315:1:N5, 157L1
100 _aChattopadhya
_9213067
245 0 _aKalker rajputra ajker gerila
260 _c1960
650 _aHISTORY
942 _hV4315:1:N5, 157L1
_cTEXL
_2CC
999 _c449901
_d449901